Biografía novelesca de "Caballero Homs" (Record no. 143681)

MARC details
000 -LEADER
campo de control de longitud fija 01029nam a22002891 4500
001 - NÚMERO DE CONTROL
campo de control 143681
003 - IDENTIFICADOR DE NÚMERO DE CONTROL
campo de control SpMaBN
005 - FECHA Y HORA DE LA ÚLTIMA TRANSACCIÓN
campo de control 20250915063056.0
008 - DATOS DE LONGITUD FIJA--INFORMACIÓN GENERAL
campo de control de longitud fija 981210s1964 sp spa
016 7# - NÚMERO DE CONTROL DE UNA AGENCIA BIBLIOGRÁFICA NACIONAL
Número de control del registro bimoBNE20000173348
Número de control cancelado/no válido IND9800830044
Fuente SpMaBN
017 ## - NÚMERO DE COPYRIGHT O DE DEPÓSITO LEGAL
Número de copyright o de depósito legal PM 1803-1964
Agencia que asigna Oficina Depósito Legal Mallorca
035 ## - NÚMERO DE CONTROL DEL SISTEMA
Número de control de sistema (OCoLC)432714045
040 ## - FUENTE DE CATALOGACIÓN
Centro catalogador/agencia de origen SpMaBN
Lengua de catalogación spa
Centro/agencia transcriptor CDM
Centro/agencia modificador ES-MaACL
080 ## - NÚMERO DE LA CLASIFICACIÓN DECIMAL UNIVERSAL
Número de la Clasificación Decimal Universal 86-312.6"19"
080 ## - NÚMERO DE LA CLASIFICACIÓN DECIMAL UNIVERSAL
Número de la Clasificación Decimal Universal 92(Homs, Caballero)(0:86-3)
100 1# - ENTRADA PRINCIPAL--NOMBRE DE PERSONA
Nombre de persona Serra, Antoni,
Fechas asociadas al nombre 1936-
Número de control del registro de autoridad o número normalizado XX1113983
9 (RLIN) 105600
245 10 - MENCIÓN DEL TÍTULO
Título Biografía novelesca de "Caballero Homs"
Medio [Texto impreso]
Mención de responsabilidad, etc. epílogo de Miguel A. Colomar
260 ## - PUBLICACIÓN, DISTRIBUCIÓN, ETC.
Lugar de publicación, distribución, etc. [Palma de Mallorca
Nombre del editor, distribuidor, etc. s.n.
Fecha de publicación, distribución, etc. 1964]
Fabricante Imp. Fullana
300 ## - DESCRIPCIÓN FÍSICA
Extensión 28 h.
Dimensiones 21 cm
490 0# - MENCIÓN DE SERIE
Mención de serie Colección "Galilea" de Prosa
650 #4 - PUNTO DE ACCESO ADICIONAL DE MATERIA--TÉRMINO DE MATERIA
9 (RLIN) 14518
Término de materia o nombre geográfico como elemento de entrada Literatura catalana-
Subdivisión cronológica S.XX
700 1# - ENTRADA AGREGADA--NOMBRE PERSONAL
Nombre de persona Colomar, Miguel Ángel,
Fechas asociadas al nombre 1903-1970
9 (RLIN) 227266
852 ## - LOCALIZACIÓN
Ubicación ES-MaACL
Sublocalización o colección R.56959
itemnumber 148869
Ubicación en estantería Depósito folletos
Número de control de estantería 2044-F-24
942 ## - ELEMENTOS DE ENTRADA SECUNDARIOS (KOHA)
Fuente del sistema de clasificación o colocación Clasificación decimal universal
Tipo de ítem Koha Libro impreso
Holdings
Estatus retirado Estado de pérdida Fuente del sistema de clasificación o colocación Estado de daño No para préstamo Colección Biblioteca de origen Biblioteca actual Ubicación en estantería Fecha de adquisición Total de préstamos Signatura topográfica completa Código de barras Visto por última vez Precio de reemplazo Tipo de ítem Koha
    Clasificación decimal universal     Colección de folletos Biblioteca del Ateneo de Madrid Biblioteca del Ateneo de Madrid Depósito folletos 17/01/2008   2044-F-24 1149487 23/02/2023 23/02/2023 Folleto